Ruinas : (Record no. 153459)

MARC details
000 -LEADER
campo de control de longitud fija 00668nam a22002055i 4500
001 - NÚMERO DE CONTROL
campo de control 153459
003 - IDENTIFICADOR DE NÚMERO DE CONTROL
campo de control ES-MaACL
005 - FECHA Y HORA DE LA ÚLTIMA TRANSACCIÓN
campo de control 20230906205231.0
008 - DATOS DE LONGITUD FIJA--INFORMACIÓN GENERAL
campo de control de longitud fija 050823s1871 po | |||||||| ||por d
080 ## - NÚMERO DE LA CLASIFICACIÓN DECIMAL UNIVERSAL
Número de la Clasificación Decimal Universal 821.134.3-14"18"
100 1# - ENTRADA PRINCIPAL--NOMBRE DE PERSONA
Nombre de persona Dias, J. Simões.
9 (RLIN) 126786
245 10 - MENCIÓN DEL TÍTULO
Título Ruinas :
Resto del título canções da nossa edade : poesia social /
Mención de responsabilidad, etc. por J. Simões Dias.
260 ## - PUBLICACIÓN, DISTRIBUCIÓN, ETC.
Lugar de publicación, distribución, etc. Elvas :
Nombre del editor, distribuidor, etc. [s.n.],
Fecha de publicación, distribución, etc. 1871 (
Fabricante Typ. da Democracia)
300 ## - DESCRIPCIÓN FÍSICA
Extensión 206 p. ;
Dimensiones 18 cm.
490 1# - MENCIÓN DE SERIE
Mención de serie Obras de J. Simões Dias ;
Designación de volumen o secuencia 5
752 ## - ENTRADA AGREGADA--NOMBRE JERÁRQUICO DEL LUGAR
País o entidad superior Portugal -
Ciudad Elvas
830 1# - PUNTO DE ACCESO ADICIONAL DE SERIE-TÍTULO UNIFORME
Título uniforme Obras de J. Simões Dias ;
Designación de volumen o secuencia 5
9 (RLIN) 187773
852 ## - LOCALIZACIÓN
Ubicación ES-MaACL
Número de control de estantería G-8563
Nota libre - Enc. pasta española
Holdings
Estatus retirado Estado de pérdida Estado de daño No para préstamo Colección Biblioteca de origen Biblioteca actual Ubicación en estantería Fecha de adquisición Fuente de adquisición Total de préstamos Signatura topográfica completa Código de barras Visto por última vez Precio de reemplazo Tipo de ítem Koha
        Libros del s. XIX Biblioteca del Ateneo de Madrid Biblioteca del Ateneo de Madrid Sala Pecera Planta 3 17/01/2008     G-8563 1160384 23/02/2023 23/02/2023 Libro impreso antiguo